Victim Support and the Welfare State (Record no. 91121)

MARC details
000 -LEADER
fixed length control field 01884nam a2200229Ia 4500
000 - LEADER
fixed length control field 02282naaa 00301uu
001 - CONTROL NUMBER
control field https://directory.doabooks.org/handle/20.500.12854/27374
005 - DATE AND TIME OF LATEST TRANSACTION
control field 20260218110101.0
008 - FIXED-LENGTH DATA ELEMENTS--GENERAL INFORMATION
fixed length control field 211013s9999 xx 000 0 und d
042 ## - AUTHENTICATION CODE
Authentication code dc
100 1# - MAIN ENTRY--PERSONAL NAME
Personal name Gallo, Carina
245 #0 - TITLE STATEMENT
Title Victim Support and the Welfare State
260 ## - PUBLICATION, DISTRIBUTION, ETC.
Name of publisher, distributor, etc. Taylor & Francis
Date of publication, distribution, etc. 2019
300 ## - PHYSICAL DESCRIPTION
Extent 1 electronic resource (186 p.)
520 ## - SUMMARY, ETC.
Summary, etc. This book provides a rich analysis of the history of Swedish victim support. With the majority of research on victim support centering on the Anglosphere, this book offers a unique case study for considering the role of the victim in the criminal justice system. While Sweden has enacted many laws to support victims, and victim assistance programs have grown rapidly, welfare policy has become more restrictive and crime policy, to some degree, more punitive. Drawing on archival material and interviews with key representatives for the Swedish Association for Victim Support (BOJ), this book examines what role the victim movement has played in a changing welfare state. It argues that BOJ filled a function in the decentralization and privatization of the Swedish welfare state and explores distinctive features of the Swedish victim movement and the form it has taken, as compared to that in other countries.This book will be of interest to scholars and students of criminology, sociology, social policy, civil society studies, and social work, and those engaged in studies of victims and victimology.
540 ## - TERMS GOVERNING USE AND REPRODUCTION NOTE
Terms governing use and reproduction Creative Commons
653 ## - INDEX TERM--UNCONTROLLED
Uncontrolled term comparative victimology
700 1# - ADDED ENTRY--PERSONAL NAME
Personal name Svensson, Kerstin
856 ## - ELECTRONIC LOCATION AND ACCESS
Uniform Resource Identifier <a href="https://docs.google.com/spreadsheets/d/1yKIrdCPDAG_9c22mwoOIO2DOhtj65Wqa/edit?usp=sharing&ouid=106555315294820607512&rtpof=true&sd=true ">https://docs.google.com/spreadsheets/d/1yKIrdCPDAG_9c22mwoOIO2DOhtj65Wqa/edit?usp=sharing&ouid=106555315294820607512&rtpof=true&sd=true </a>
Link text List of Curated E-Books
942 ## - ADDED ENTRY ELEMENTS (KOHA)
Koha item type E-Book

No items available.

University of Rizal System
Email us at univlibservices@urs.edu.ph

Visit our Website www.urs.edu.ph/library